00819nam a2200229 a 450000100100000000500170001000800410002702000150006804000250008308200150010810000310012324500410015426000400019530000280023550000210026350000760028450400310036065000370039165000280042895201180045699900150057400000497020200929151540.0090728s1993 xxua 001 0 spa d a0394588010 aDO-SdBNPbspacBNPHU a355bK262a1 aKeegan, Johnd1934-91435210aA history of warfare /cJohn Keegan. aNew York :bAlfred A. Knopf,c1993. a432 p. :bil. ;c26 cm. aIncluye índice aIncluye datos biográficos del autor en la solapa de la contracubierta aBibliografía: p. 393-417 4aCiencia militarxHistoria914353 4aGuerraxHistoria914354 001054708MOaGRbGRcCTd2009-07-28iLF1l0o355 K262ap4970-10r2020-06-25w2020-06-25y4ZPréstamo en sala c4776d4776